Breaking bad characters - Statistiques

Statistiques générales
  • Ce quiz a été pris 67 fois
  • Le résultat moyen est 8 sur 36
Statistiques - réponses
Hint Réponse % Correct
18 Walter Jr.
94%
1 Best Walter white
83%
2 Jesse pinkman
74%
28 Worst Skyler White
70%
4 Saul Goodman
51%
5 Gus fring
45%
8 Hank schrader
43%
7 Hector Salamanca
36%
24 Tuco salamanca
36%
34 Marie Schrader
32%
11 Badger
23%
10 Skinny Pete
23%
3 Mike Ehrmantraut
21%
32 Todd
21%
30 Adam and Diane Pinkman
19%
23 Jake Pinkman
19%
33 Ted Beneke
13%
20 Combo
11%
9 Jane margolis
9%
17 Steven Gomez
9%
25 Brothers Salamanca
8%
13 Gale Boetticher
8%
6 Huell Babineaux
8%
26 Kuby
4%
36 Lydia Rodarte-Quayle
4%
19 Tortuga
4%
16 Mid Andrea Cantillo
2%
29 Tyrus Kitt
2%
31 Casey
0%
15 Donald margolis
0%
12 Ed Galbraith
0%
35 Elliot and Gretchen Schwartz
0%
14 George merket
0%
27 Group Leader
0%
22 Jack welter
0%
21 Kenny
0%
Aucun quiz correspondant
Distribution des résultats
% des personnes avec chaque résultat
Percentile par nombre de réponses
Votre historique - résultats
Vous n’avez pas pris ce quiz